000 003730000a22001450004500
060 _a100
082 _a582.130 433 MAH
100 _aMaheswari, P
245 _aIntroduction to the embryology of angiosperms
260 _aNewdelhi, Tata mc graw - hill publishing company limited
260 _c1950
300 _a453
650 _aAngiosperms / Embryoloy
942 _cBK
999 _c350491
_d350491